00501 2200205 4500001002100000005001500021007000300036008004100039020002200080035002000102082001000122084001600132100001300148245003800161250000600199260003200205300002800237700001300265990001700278INLIS00000000000089620230804083356ta230804 b 0 ind  a978-602-5781-36-0 a0010-0823000060 a567.9 a567.9 MAH e0 aMahadewa1 aEnsiklopedia Dinosaurus Super Wow a- aYogyakarta :bNoktah,c2019 a84 :bilus. ;c27 cme-1 aAdi seta a00077/0/2019